فقه الجمع بين الصلاتين في الحضر بعذر المطر / (رقم التسجيلة. 29028)
[ عرض عادي ]
| 000 -LEADER | |
|---|---|
| fixed length control field | 00766nam a22002297a 4500 |
| 005 - DATE AND TIME OF LATEST TRANSACTION | |
| control field | 20251108165502.0 |
| 008 - FIXED-LENGTH DATA ELEMENTS--GENERAL INFORMATION | |
| fixed length control field | 250721s2000 xx 000 0 ara d |
| 082 14 - DEWEY DECIMAL CLASSIFICATION NUMBER | |
| Classification number | م/216.22/سلم |
| 100 1# - MAIN ENTRY--PERSONAL NAME | |
| Personal name | آل سليمان، مشهور بن حسن |
| 245 10 - TITLE STATEMENT | |
| Title | فقه الجمع بين الصلاتين في الحضر بعذر المطر / |
| 264 1# - PRODUCTION, PUBLICATION, DISTRIBUTION, MANUFACTURE, AND COPYRIGHT NOTICE | |
| Place of production, publication, distribution, manufacture | بيروت : |
| Name of producer, publisher, distributor, manufacturer | دار ابن حزم للطباعه، |
| Date of production, publication, distribution, manufacture, or copyright notice | 2000. |
| 300 ## - PHYSICAL DESCRIPTION | |
| Extent | 353ص |
| 650 17 - SUBJECT ADDED ENTRY--TOPICAL TERM | |
| Topical term or geographic name as entry element | أصول الفقه الإسلامي |
| 650 17 - SUBJECT ADDED ENTRY--TOPICAL TERM | |
| Topical term or geographic name as entry element | الفقه الإسلامي |
| 650 17 - SUBJECT ADDED ENTRY--TOPICAL TERM | |
| Topical term or geographic name as entry element | الصلوات |
| 650 17 - SUBJECT ADDED ENTRY--TOPICAL TERM | |
| Topical term or geographic name as entry element | صلاة العصر |
| 650 17 - SUBJECT ADDED ENTRY--TOPICAL TERM | |
| Topical term or geographic name as entry element | صلاة الظهر |
| 650 17 - SUBJECT ADDED ENTRY--TOPICAL TERM | |
| Topical term or geographic name as entry element | صلاة المغرب |
| 650 17 - SUBJECT ADDED ENTRY--TOPICAL TERM | |
| Topical term or geographic name as entry element | صلاة العشاء صلاة الفجر |
| 942 ## - ADDED ENTRY ELEMENTS (KOHA) | |
| Source of classification or shelving scheme | Dewey Decimal Classification |
| Koha item type | مراجع |
| حالة السحب | حالة الفقدان | مصدر التصنيف | حالة التلف | غير قابل للإعارة | المكتبة الرئيسية | المكتبة الحالية | موقع الرف | تاريخ التزويد | الرقم المتسلسل | Total Checkouts | رقم الإستدعاء | الباركود | تاريخ آخر ظهور | تاريخ الفاتورة | نوع المادة (كوها) |
|---|---|---|---|---|---|---|---|---|---|---|---|---|---|---|---|
| Dewey Decimal Classification | Not For Loan | المكتبة المركزية | المكتبة المركزية | مراجع | 06/07/2004 | 447574 | م/216.22/سلم | 447574 | 28/07/2025 | 06/07/2004 | مراجع | ||||
| Dewey Decimal Classification | Not For Loan | مكتبة أبو علندا العامة | مكتبة أبو علندا العامة | مراجع | 06/07/2004 | 447591 | م/216.22/سلم | 447591 | 28/07/2025 | 06/07/2004 | مراجع | ||||
| Dewey Decimal Classification | Not For Loan | مكتبة أم قصير والمقابلين العامة | مكتبة أم قصير والمقابلين العامة | مراجع | 06/07/2004 | 447590 | م/216.22/سلم | 447590 | 28/07/2025 | 06/07/2004 | مراجع | ||||
| Dewey Decimal Classification | Not For Loan | مكتبة الأميرة ايمان العامة | مكتبة الأميرة ايمان العامة | مراجع | 06/07/2004 | 447582 | م/216.22/سلم | 447582 | 28/07/2025 | 06/07/2004 | مراجع | ||||
| Dewey Decimal Classification | Not For Loan | مكتبة الاميرة بديعة | مكتبة الاميرة بديعة | مراجع | 06/07/2004 | 447585 | م/216.22/سلم | 447585 | 28/07/2025 | 06/07/2004 | مراجع | ||||
| Dewey Decimal Classification | Not For Loan | مكتبة البراعم الواعدة | مكتبة البراعم الواعدة | مراجع | 26/06/2018 | 1653449 | م/216.22/سلم | PLD00422541 | 28/07/2025 | 26/06/2018 | مراجع | ||||
| Dewey Decimal Classification | Not For Loan | مكتبة الجويدة | مكتبة الجويدة | مراجع | 06/07/2004 | 447586 | م/216.22/سلم | 447586 | 28/07/2025 | 06/07/2004 | مراجع | ||||
| Dewey Decimal Classification | Not For Loan | مكتبة الحسن العامة | مكتبة الحسن العامة | مراجع | 06/07/2004 | 447587 | م/216.22/سلم | 447587 | 28/07/2025 | 06/07/2004 | مراجع | ||||
| Dewey Decimal Classification | Not For Loan | مكتبة النصر العامة | مكتبة النصر العامة | مراجع | 06/07/2004 | 447593 | م/216.22/سلم | 447593 | 28/07/2025 | 06/07/2004 | مراجع | ||||
| Dewey Decimal Classification | Not For Loan | مكتبة حمزة العامة | مكتبة حمزة العامة | مراجع | 06/07/2004 | 447588 | م/216.22/سلم | 447588 | 28/07/2025 | 06/07/2004 | مراجع | ||||
| Dewey Decimal Classification | Not For Loan | مكتبة صويلح العامة | مكتبة صويلح العامة | مراجع | 06/07/2004 | 447583 | م/216.22/سلم | 447583 | 28/07/2025 | 06/07/2004 | مراجع | ||||
| Dewey Decimal Classification | Not For Loan | مكتبة وادي السير العامة | مكتبة وادي السير العامة | مراجع | 06/07/2004 | 447592 | م/216.22/سلم | 447592 | 28/07/2025 | 06/07/2004 | مراجع |